Vista normal
Vista MARC
Entrada Nombre Geográfico
Número de registros utilizados en: 1
001 - CONTROL NUMBER
- control field: 26961
003 - CONTROL NUMBER IDENTIFIER
- control field: AR-RoUNA
005 - DATE AND TIME OF LATEST TRANSACTION
- control field: 20250311164138.0
008 - FIXED-LENGTH DATA ELEMENTS
- fixed length control field: 250311|| aca||aabn | a|a d
040 ## - CATALOGING SOURCE
- Original cataloging agency: AR-RoUNA
- Transcribing agency: AR-RoUNA
151 ## - HEADING--GEOGRAPHIC NAME
- Geographic name: Quirigua (Guatemala)
670 ## - SOURCE DATA FOUND
- Source citation: Work cat.: (AR-RoUNA)11839: Morley, Sylvanus Griswold 1886-1962 26958, Guia de las ruinas de Quirigua /, 1936